U.S. Military Ranks - Commissioned Officer - Statistics

General Stats
  • This quiz has been taken 38 times
  • The average score is 13 of 22
Answer Stats
Hint Answer % Correct
Army / Air Force / Marines Captain
83%
Army / Air Force / Marines Colonel
83%
Army / Air Force / Marines Major
83%
Army / Air Force / Marines Second Lieutenant
83%
Army / Air Force / Marines General
80%
Army / Air Force / Marines Brigadier General
74%
Army / Air Force / Marines First Lieutenant
74%
Army / Air Force / Marines Lieutenant Colonel
74%
Army / Air Force / Marines Lieutenant General
74%
Coast Guard / Navy Admiral
71%
Army / Air Force / Marines Major General
69%
Coast Guard / Navy Ensign
66%
Coast Guard / Navy Commander
57%
Coast Guard / Navy Captain
51%
Coast Guard / Navy Lieutenant Commander
49%
Coast Guard / Navy Lieutenant
46%
Coast Guard / Navy Vice Admiral
46%
Army / Air Force / Marines General of the Army
43%
Coast Guard / Navy Lieutenant Junior Grade
37%
Coast Guard / Navy Rear Admiral Upper Half
37%
Coast Guard / Navy Rear Admiral Lower Half
34%
Coast Guard / Navy Fleet Admiral
31%
No matching quizzes found
Score Distribution
Percent of People with Each Score
Percentile by Number Answered
Your Score History
You have not taken this quiz